[Event "TV2 Fagernes International 2018"]
[Site "Scandic Hotel Fagernes"]
[Date "2018.03.25"]
[Round "5"]
[White "Betaneli, Alexander"]
[Black "Lillevold, Frode"]
[Result "1/2-1/2"]
[WhiteElo "2231"]
[BlackElo "2113"]
[PlyCount "94"]
[EventDate "2018.??.??"]

1. Nf3 d5 2. e3 Nf6 3. b3 e6 4. Bb2 Be7 5. Be2 O-O 6. O-O c5 7. d4 Nbd7 8. Nbd2
b6 9. Ne5 Nxe5 10. dxe5 Ne4 11. Bd3 Nxd2 12. Qxd2 c4 13. Be2 Qc7 14. Bd4 Ba6
15. c3 Ba3 16. Rab1 Qc6 17. f4 Bb5 18. g4 cxb3 19. Bxb5 Qxb5 20. axb3 Bc5 21.
f5 Bxd4 22. exd4 f6 23. fxe6 Qe8 24. exf6 Qxe6 25. Rbe1 Qxg4+ 26. Kh1 Qg6 27.
Re7 Rf7 28. Qe2 Raf8 29. Qe6 Qe4+ 30. Qxe4 dxe4 31. Rxe4 Rxf6 32. Rxf6 Rxf6 33.
Kg2 Kf7 34. c4 Re6 35. Kf3 Rxe4 36. Kxe4 Ke6 37. d5+ Kd7 38. Ke5 a5 39. h3 Ke7
40. h4 Kd7 41. d6 g6 42. Kf6 Kxd6 43. Kg7 Ke6 44. Kxh7 Kf7 45. Kh8 Kf8 46. Kh7
Kf7 47. Kh8 Kf8
1/2-1/2

[Event "TV2 Fagernes International 2018"]
[Site "Scandic Hotel Fagernes"]
[Date "2018.03.25"]
[Round "6"]
[White "Haug, Johannes"]
[Black "Kveinys, Aloyzas"]
[Result "1/2-1/2"]
[WhiteElo "2360"]
[BlackElo "2511"]
[PlyCount "100"]
[EventDate "2018.??.??"]

1. d4 Nf6 2. c4 Nc6 3. Nf3 e6 4. g3 d5 5. cxd5 exd5 6. Bg2 Bf5 7. Nc3 Be7 8.
O-O Ne4 9. Qb3 Nxc3 10. Qxc3 O-O 11. a3 a5 12. b3 a4 13. b4 Na7 14. Bb2 Nb5 15.
Qc1 Re8 16. Rd1 c6 17. Ne5 Bf8 18. e3 f6 19. Nd3 Bxd3 20. Rxd3 Qd7 21. Qc2 f5
22. Re1 Nd6 23. Rdd1 Qf7 24. Re2 Re6 25. Rde1 g6 26. f3 Bg7 27. f4 Qd7 28. Bf3
Re7 29. Kg2 Bf6 30. h3 Rg7 31. h4 h6 32. Kf2 g5 33. hxg5 hxg5 34. Rh1 Rh7 35.
Ree1 Re8 36. Qxa4 Nc4 37. Bc1 gxf4 38. exf4 Bxd4+ 39. Kg2 Rxh1 40. Rxh1 Be3 41.
b5 Bxc1 42. Rxc1 Ne3+ 43. Kf2 c5 44. Qa7 Qh7 45. Rh1 Qg7 46. Qxc5 Qb2+ 47. Kg1
Qa1+ 48. Kh2 Qb2+ 49. Kg1 Qa1+ 50. Kh2 Qb2+
1/2-1/2

[Event "TV2 Fagernes International 2018"]
[Site "Scandic Hotel Fagernes"]
[Date "2018.03.25"]
[Round "6"]
[White "Dolzhykova, Kateryna"]
[Black "Rozentalis, Eduardas"]
[Result "0-1"]
[WhiteElo "2288"]
[BlackElo "2512"]
[PlyCount "48"]
[EventDate "2018.??.??"]

1. e4 c6 2. d4 d5 3. e5 c5 4. Nf3 Nc6 5. c4 e6 6. cxd5 exd5 7. Nc3 Bg4 8. Be2
cxd4 9. Nxd4 Bxe2 10. Ndxe2 d4 11. Ne4 Qa5+ 12. Kf1 Qxe5 13. Qd3 Nf6 14. Nxf6+
Qxf6 15. b3 Bc5 16. Bb2 O-O 17. h4 Rfe8 18. Rh3 Ne5 19. Qg3 Rad8 20. Nf4 Qf5
21. Nd3 Nxd3 22. Qxd3 Re4 23. Qb5 d3 24. Rf3 Rxh4
0-1